000 00877nam a2200229Ii 4500
003 JO-AjNU
008 230605s9999||||xx |||||||||||||| ||und||
017 _a2009/6/2758
020 _a978-9957-74-062-7
040 _aJO-AjNU
_bara
_erda
_cJO-AjNU
041 _aara
050 1 4 _aHF5686.C495.F37 2010
100 3 _aالفسفوس، فؤاد,
_eauthor
_930464
245 0 0 _aمحاسبة المنشآت المالية : البنوك - شركات التامين
250 _aط1
264 3 1 _aعمان: دار كنوز المعرفة العلمية للنشر والتوزيع، 2010
300 _a296ص
_bيحتوي على ببلوغرافية من ص291-296ص
336 _atext
_btxt
_2rdacontent
337 _aunmediated
_bn
_2rdamedia
338 _avolume
_bnc
_2rdacarrier
650 4 _aالمحاسبة المالية- البنوك- شركات التأمين
_930465
999 _aA12080
_c15648
_d15648